Memorial del convento /

El rey de Portugal está preocupado, pero la promesa de construir un convento franciscano será compensada con el nacimiento de un sucesor. Mientras tanto, Baltasar Mateus, Sietesoles, intenta sobrevivir con un gancho y un espigón a falta de su mano izquierda. Blimunda, su compañera, es capaz de ver e...

Full description

Bibliographic Details
Main Author: Saramago, José
Format: Libro
Language:Spanish
Published: Madrid Punto de Lectura 2002
Edition:6a. ed.
Subjects:
Online Access:

MARC

LEADER 00000cam a2200000 a 4500
001 035778
003 UAHC_CL
005 20170803123920.0
008 051013b2002 sp 000 1 spa
020 |a 8466301623 
040 |a UAHC_CL  |c UAHC_CL  |d UAHC_CL 
100 1 |a Saramago, José 
245 1 0 |a Memorial del convento /  |c José Saramago. 
250 |a 6a. ed. 
260 |b Punto de Lectura  |c 2002  |a Madrid 
300 |a 479 p. 
520 |a El rey de Portugal está preocupado, pero la promesa de construir un convento franciscano será compensada con el nacimiento de un sucesor. Mientras tanto, Baltasar Mateus, Sietesoles, intenta sobrevivir con un gancho y un espigón a falta de su mano izquierda. Blimunda, su compañera, es capaz de ver el interior de las cosas y de las personas. Con ella, todo será más llevadero. El padre Bartolomeu Lourenço quiere volar, construir la passarola que le lleve por encima del rey, su convento, sus súbditos y las nubes, aunque le cueste el destierro y la locura. 
650 4 |a NOVELA PORTUGUESA 
653 |a COMPLEMENTARIA 
653 |a PERIODISMO 
900 |a P869 SARM 
942 |c BK 
952 |0 0  |1 0  |4 0  |6 P_869_000000000000000_SARM  |7 0  |8 General  |9 68190  |a BC  |b BC  |c General  |d 2017-08-03  |l 0  |o P869 SARM  |p 1350417  |r 2025-11-26 00:00:00  |t 1  |w 2017-08-03  |y BK 
952 |0 0  |1 0  |4 0  |6 P_869_000000000000000_SARM  |7 0  |8 General  |9 68191  |a BC  |b BC  |c General  |d 2017-08-03  |l 0  |o P869 SARM  |p 1350418  |r 2025-11-26 00:00:00  |t 2  |w 2017-08-03  |y BK 
999 |c 35778  |d 35778